Discussion draft of H.R. _______, a bill to require greater protection for sensitive consumer data and timely notification in case of breach : hearing before the Subcommittee on Commerce, Manufacturing, and Trade of the Committee on Energy and Commerce, House of Representatives, One Hundred Twelfth Congress, first session, June 15, 2011.

Bibliographic Details
Corporate Author: United States. Congress. House. Committee on Energy and Commerce. Subcommittee on Commerce, Manufacturing, and Trade
Format: Government Document eBook
Language:English
Published: Bethesda, Md. : ProQuest, 2011.
Subjects:
Online Access:Electronic resource (PDF)

MARC

Tag First Indicator Second Indicator Subfields
LEADER 00000cam a22000001a 4500
001 in00004103607
005 20200117092640.0
006 m d f
007 cr bn mmmapmmp
008 120424s2011 mdu ob f000 0 eng d
035 |a chdc20120206 
040 |a UMI  |c UMI  |d UtOrBLW 
043 |a n-us--- 
086 0 |a Y 4.C 73/8:112-62 
110 1 |a United States.  |b Congress.  |b House.  |b Committee on Energy and Commerce.  |b Subcommittee on Commerce, Manufacturing, and Trade.  |0 http://id.loc.gov/authorities/names/no2011127102 
245 1 0 |a Discussion draft of H.R. _______, a bill to require greater protection for sensitive consumer data and timely notification in case of breach :  |b hearing before the Subcommittee on Commerce, Manufacturing, and Trade of the Committee on Energy and Commerce, House of Representatives, One Hundred Twelfth Congress, first session, June 15, 2011. 
246 3 |a Discussion draft of HR _______, a bill to require greater protection for sensitive consumer data and timely notification in case of breach 
264 1 |a Bethesda, Md. :  |b ProQuest,  |c 2011. 
300 |a v, 138 pages, digital, PDF file. 
336 |a text  |b txt  |2 rdacontent 
337 |a computer  |b c  |2 rdamedia 
338 |a online resource  |b cr  |2 rdacarrier 
500 |a Shipping list number: 2012-0197-P. 
504 |a Includes bibliographical references. 
500 |a "Serial number 112-62." 
500 |a Record is based on bibliographic data in ProQuest Congressional Hearings Digital Collection. Reuse except for individual research requires license from ProQuest, LLC. 
500 |a Electronic resource. 
533 |a Electronic reproduction.  |b [Bethesda, Md.] :  |c ProQuest,  |d 2012.  |e digital, PDF file.  |n ProQuest Congressional Hearings Digital Collection.  |n Mode of access: World Wide Web via ProQuest website. 
538 |a System requirements: PDF reader software. 
650 0 |a Data protection  |x Law and legislation  |z United States.  |0 http://id.loc.gov/authorities/subjects/sh2008102020 
650 0 |a Electronic commerce  |z United States  |x Security measures. 
650 0 |a Computer crimes  |z United States  |x Prevention.  |0 http://id.loc.gov/authorities/subjects/sh2009118976 
776 0 8 |i Print version:  |a United States. Congress. House. Committee on Energy and Commerce. Subcommittee on Commerce, Manufacturing, and Trade.  |t Discussion draft of H.R. _______, a bill to require greater protection for sensitive consumer data and timely notification in case of breach  |w 2012397641  |w (OCoLC)ocn779410995  |z 9780160904424  |z 0160904420 
776 0 8 |i Microfiche version:  |a United States. Congress. House. Committee on Energy and Commerce. Subcommittee on Commerce, Manufacturing, and Trade.  |t Discussion draft of H.R. _______, a bill to require greater protection for sensitive consumer data and timely notification in case of breach  |d [Bethesda, Md.] : ProQuest,[2012]  |o CIS 2012 H361-15  |w (ProQuest)cis01200304  
856 4 0 |u http://proxy.library.tamu.edu/login?url=http://search.proquest.com/congcomp/getdoc?HEARING-ID=HRG-2011-HEC-0042  |y Electronic resource (PDF)  |t 0 
998 |a cis01200304  
999 f f |s 9072109f-16db-3721-90c6-a01f174e6ee4  |i d30e0183-e173-35c4-8a8a-51b930819418  |t 0 
952 f f |a Texas A&M University  |b College Station  |c Electronic Resources  |d Available Online  |t 0  |e Y 4.C 73/8:112-62  |h Superintendent of Documents classification 
998 f f |a Y 4.C 73/8:112-62  |t 0  |l Available Online